01665nam a2200241Ia 4500001000600000003000900006008004100015040001300056040001300069041001300082100001800095100002900113245006700142245006700209250001100276260000900287260001200296260004900308300005700357500096300414650001501377650003101392F1714IT-RoPAU130308s9999 xx 000 0 und d aIT-RoPAU cIT-RoPAU aITALIANO aLosito Gianni gCodice Aut. SPICS: 4493 aSociologia. un'Introduzione alla teoria e alla ricerca sociale bSociologia. Un'Introduzione Alla Teoria e Alla Ricerca Sociale a1a ed. aROMA bCarocci c1998 [1° Ed.:1998 - Ed.Ling.Originale:1998] a"312 p. (prefazione: no ; testo: 312 [pagine: 0-0])" aOrigini della Sociologia Come Scienza: Società Industriale e Sociologia, Rivoluzione Industriale, Capitalismo borghesia e classe Operaia, matrici Culturali e Filosofiche: Liberalismo, Socialismo, materialismo Storico e Positivismo. Problema del Metodo: regole del Metodo Sociologico, Sociologia Come Scienza Autonoma, spiegazione sociologica Come spiegazione Scientifica. Macrosocietà e Microsocieta': Società Integrata e Sistema Sociale, Società Conflittuale: Interazione Sociale e Conflitto, Società di Massa e conflitto Sociale. Azione Sociale: Come Interazione, Costruzione Sociale della Realtà, Determinanti dell'Azione Sociale. Socializzazione e Attori Sociali Collettivi: Cultura e Socializzazione, Devianza e Controllo Sociale, gruppi Sociali, movimenti Sociali. Ricerca Sociale: Problemi Preliminari e Concetti Fondamentali, Inchiesta con Definizione del Campo di Osservazione e Campionamento, Intervista. Analisi dei Dati. Bibliografia. aSOCIOLOGIA eCodice materia Spics: 3651